| 000 | 00377nam a2200145Ia 4500 | ||
|---|---|---|---|
| 008 | 210324s9999||||xx |||||||||||||| ||und|| | ||
| 040 | _cSTCPL | ||
| 041 | _hENG | ||
| 082 |
_a574.87 _bSHA-F |
||
| 245 | 0 | _aFundamentals of cytology | |
| 260 |
_aLondon _bMc Graw-Hillbook Co. _c1943 |
||
| 300 | _aX 270P 21CM | ||
| 650 | _aBiologyCytology (Cell Biology)കവിത | ||
| 942 | _cBK | ||
| 999 |
_c3464 _d3464 |
||